Mamiferos / (Registro nro. 3727)

Detalles MARC
000 -LEADER
fixed length control field 00838nam a2200241Ia 4500
003 - CONTROL NUMBER IDENTIFIER
control field OSt
005 - DATE AND TIME OF LATEST TRANSACTION
control field 20200929112631.0
008 - FIXED-LENGTH DATA ELEMENTS--GENERAL INFORMATION
fixed length control field 191128s1978 ck a gr 000 0 spa d
040 ## - CATALOGING SOURCE
Original cataloging agency CO-JMCR
Transcribing agency CO-JMCR
041 0# - LANGUAGE CODE
Language code of text/sound track or separate title spa
082 04 - DEWEY DECIMAL CLASSIFICATION NUMBER
Classification number 599 /
Item number S594m
Edition number 23
100 1# - MAIN ENTRY--PERSONAL NAME
Personal name Simon, Noel,
Relator term autor
9 (RLIN) 10946
245 10 - TITLE STATEMENT
Title Mamiferos /
Statement of responsibility, etc. Noel Simon
260 ## - PUBLICATION, DISTRIBUTION, ETC.
Place of publication, distribution, etc. Bogotá :
Name of publisher, distributor, etc. Norma,
Date of publication, distribution, etc. 1978.
300 ## - PHYSICAL DESCRIPTION
Extent 48 Páginas :
Other physical details Ilustraciones a color ;
Dimensions 27 cm.
490 0# - SERIES STATEMENT
Series statement Lo extraño y lo maravilloso
505 0# - FORMATTED CONTENTS NOTE
Formatted contents note Mamíferos prehistóricos -- Mamíferos que desovan -- Marsupiales -- Mamíferos planeadores -- Mamíferos voladores -- Mamíferos acorazados -- Mirmecófagos -- Mamíferos oceánicos
650 24 - SUBJECT ADDED ENTRY--TOPICAL TERM
Topical term or geographic name entry element Mamíferos
9 (RLIN) 10947
650 24 - SUBJECT ADDED ENTRY--TOPICAL TERM
Topical term or geographic name entry element Marsupiales
9 (RLIN) 10948
650 24 - SUBJECT ADDED ENTRY--TOPICAL TERM
Topical term or geographic name entry element Insectívoros
9 (RLIN) 10949
799 ## - LOCAL ADDED ENTRY--UNIFORM TITLE (RLIN)
Uniform title Wilcock Riley
942 ## - ADDED ENTRY ELEMENTS (KOHA)
Source of classification or shelving scheme Dewey Decimal Classification
Koha item type Books
Existencias
Withdrawn status Lost status Source of classification or shelving scheme Materials specified (bound volume or other part) Damaged status Not for loan Home library Current library Shelving location Date acquired Source of acquisition Total Checkouts Full call number Barcode Date last seen Date last checked out Copy number Price effective from Koha item type
    Dewey Decimal Classification Donación--24/07/2018--     Biblioteca Pública José María del Castillo y Rada Biblioteca Pública José María del Castillo y Rada General Stacks 11/28/2019 Donación 2 599 / S594m 201807719 01/27/2026 01/26/2026 Ej.1 11/28/2019 Books